| 000 | 00395pab a2200157 454500 | ||
|---|---|---|---|
| 008 | 180718b2012 xxu||||| |||| 00| 0 eng d | ||
| 100 | _aDhakshinamurthy, R. | ||
| 245 | _aJuvenile justice system in India | ||
| 260 | _c2012 | ||
| 300 | _ap.28-31. | ||
| 362 | _aSep | ||
| 650 | _aJuvenile delinquency - India | ||
| 650 | _aJuvenile delinquency | ||
| 773 | _aThird Concept | ||
| 909 | _a114134 | ||
| 999 |
_c114128 _d114128 |
||